Industrialization and society.

Bibliographic Details
Corporate Authors: North American Conference on the Social Implications of Industrialization and Technological Change Chicago, International Social Science Council, Unesco
Other Authors: Hoselitz, Bert F. (Bert Frank), 1913-1995, Moore, Wilbert E.
Format: Conference Proceeding Book
Language:English
Published: [Place of publication not identified] : UNESCO, 1966 [1963]
Subjects:

MARC

Tag First Indicator Second Indicator Subfields
LEADER 00000cam a2200000 4500
001 in00000039457
005 20151007081735.0
008 720303c19661963 eng u
010 |a  63005048  
035 |a (OCoLC)00255262 
035 |9 AAF6851AM 
040 |c WSU  |d TXA  |d UtOrBLW 
049 |a TXAM  |c [470288] 
050 0 |a HM101  |b .N62 1960 
092 |a 301.24  |b N867i 
111 2 |a North American Conference on the Social Implications of Industrialization and Technological Change  |d (1960 :  |c Chicago) 
245 1 0 |a Industrialization and society. 
264 1 |a [Place of publication not identified] :  |b UNESCO,  |c 1966 [1963] 
300 |a 437 pages 
336 |a text  |b txt  |2 rdacontent 
337 |a unmediated  |b n  |2 rdamedia 
338 |a volume  |b nc  |2 rdacarrier 
504 |a Includes bibliographies. 
650 0 |a Technology and civilization. 
650 0 |a Industries  |x Social aspects. 
700 1 |a Hoselitz, Bert F.  |q (Bert Frank),  |d 1913-1995. 
700 1 |a Moore, Wilbert E. 
710 2 |a International Social Science Council. 
710 2 |a Unesco. 
999 |a MARS 
999 f f |s f1b7b079-370e-3fc7-9c88-8477cb7e7cf4  |i 4b8db30a-13f2-33c6-b4c2-fcf49bf990ab  |t 0 
952 f f |p ric  |a Texas A&M University  |b Rellis Campus  |c Joint Library Facility  |d Remote Storage  |t 0  |e HM101 .N62 1960  |h Library of Congress classification  |i unmediated -- volume  |m A14800639678 
998 f f |a HM101 .N62 1960  |t 0  |l Remote Storage